Circonscriptions électorales du Québec - Statistiques

Statistiques générales
  • Ce quiz a été pris 193 fois
  • Le résultat moyen est 54 sur 125
Statistiques - réponses
Circonscriptions % Correct
Gaspé
79%
Sherbrooke
79%
Rimouski
71%
Gatineau
70%
Abitibi-Est
67%
Chicoutimi
65%
Îles-de-la-Madeleine
65%
Matane-Matapédia
65%
Abitibi-Ouest
64%
René-Lévesque
64%
Lévis
63%
Taschereau
63%
Trois-Rivières
63%
Beauce-Nord
62%
Beauce-Sud
62%
Gouin
62%
Jean-Talon
61%
Ungava
58%
Hull
57%
Lac-Saint-Jean
57%
Rosemont
57%
Terrebonne
57%
Chauveau
56%
Duplessis
56%
Maurice-Richard
56%
Mercier
56%
Saint-Jean
56%
Jean-Lesage
54%
Joliette
54%
L'Assomption
54%
Laval-des-Rapides
54%
Pointe-aux-Trembles
51%
Roberval
51%
Saint-Jérôme
51%
Verchères
51%
Champlain
50%
Hochelaga-Maisonneuve
50%
Jonquière
50%
Sainte-Marie-Saint-Jacques
50%
Bonaventure
49%
Papineau
49%
Vaudreuil
49%
Marie-Victorin
48%
Pontiac
48%
Blainville
46%
Mirabel
46%
Verdun
46%
La Prairie
45%
Chambly
44%
Charlesbourg
44%
Johnson
44%
Saint-Henri-Sainte-Anne
44%
Westmount-Saint-Louis
44%
Arthabaska
43%
Granby
43%
Repentigny
43%
Charlevoix-Côte-de-Beaupré
42%
Châteauguay
42%
Maskinongé
42%
Mégantic
42%
D'Arcy-McGee
40%
Louis-Hébert
40%
Nicolet-Bécancour
40%
Taillon
40%
Acadie
39%
Bellechasse
39%
Bourget
39%
La Pinière
39%
Orford
39%
Sainte-Rose
39%
Jacques-Cartier
38%
La Peltrie
38%
Saint-François
38%
Saint-Hyacinthe
38%
Viau
38%
Chapleau
37%
Deux-Montagnes
37%
Labelle
37%
Montarville
37%
Rouyn-Noranda-Témiscamingue
37%
Saint-Laurent
37%
Argenteuil
36%
Beauharnois
36%
Brome-Missisquoi
36%
Laurier-Dorion
36%
Portneuf
36%
Soulanges
36%
Berthier
35%
Borduas
35%
Côte-du-Sud
35%
Fabre
35%
Rousseau
35%
Vimont
35%
Drummond-Bois-Francs
33%
Montmorency
33%
Mont-Royal-Outremont
33%
Richelieu
33%
Rivière-du-Loup-Témiscouata
33%
Anjou-Louis-Riel
32%
Chomedey
32%
Mille-Îles
32%
Nelligan
32%
Iberville
31%
Lotbinière-Frontenac
31%
Richmond
31%
Vachon
31%
Groulx
30%
Laporte
30%
Laviolette-Saint-Maurice
30%
Notre-Dame-de-Grâce
30%
Prévost
30%
Sanguinet
30%
Bourassa-Sauvé
29%
Dubuc
29%
Huntingdon
29%
Bertrand
27%
Chutes-de-la-Chaudière
26%
Les Plaines
26%
Marquette
26%
Masson
26%
Robert-Baldwin
26%
Vanier-Les Rivières
26%
LaFontaine
25%
Marguerite-Bourgeoys
23%
Jeanne-Mance-Viger
19%
Aucun quiz correspondant
Distribution des résultats
% des personnes avec chaque résultat
Percentile par nombre de réponses
Votre historique - résultats
Vous n’avez pas pris ce quiz